Baltacı Mehmet Paşa (Record no. 4892)

MARC details
000 -BAŞLIK
Sabit Uzunlukta Kontrol Alanı 00714na a2200253 4500
001 - KONTROL NUMARASI
Denetim Alanı 14104
003 - KONTROL NUMARASI IDENTIFIER
Denetim Alanı MIRAKIL
005 - SON İŞLEM TARİHİ VE ZAMANI
Denetim Alanı 20181213155021.0
008 - SABİT-BOY VERİ ELEMANLARI - GENEL BİLGİLER
Sabit Uzunlukta Kontrol Alanı 160825b tu 000 0
020 ## - ULUSLARARASI STANDART KİTAP NUMARASI
Uluslararası Standart Kitap Numarası 9789756467268
035 ## - SİSTEM KONTROL NUMARASI
Sistem Kontrol Numarası 14104
040 ## - KATALOGLAMA KAYNAK
Orijinal Kataloglama Ajansı Milas
Kataloglama Dili tur
Metne Dönüştürmek Ajansı TR-AnCHP
082 ## - DEWEY ONLU SINIFLANDIRMA NUMARASI
Sınıflandırma Numarası 923.5 Baltacı,M.P.
Ürün Numarası B24 2007
090 ## - SINIFLAMA NUMARASI
Sınıflama Numarası 923.5 Baltacı,M.P. B24 2007
245 ## - BAŞLIK TABLOSU
Başlık Baltacı Mehmet Paşa
Sorumluluk Tablosu, Vb derleyen: Kemal Çiçek
260 ## - YAYIN, DAĞITIM, VB
Yayın, Dağıtım, Vb Yeri Çorum
Yayıncı, Dağıtıcı, Vs Adı KaraM
Yayın, Dağıtım, Vb Tarihi 2007
300 ## - FİZİKSEL TANIM
Kapsam 160 s.
Boyutlar 19 sm.
490 ## - SERİSİ TABLOSU
Seri Beyanı Yakınçağ kitaplığı
Hacim / Ardışık Tanımı 2
490 ## - SERİSİ TABLOSU
Seri Beyanı KaraM yayınları
Hacim / Ardışık Tanımı 21
600 ## - KONU KATMA GİRİŞ - KURUMSAL ADI
Kişisel Ad Baltacı Mehmet Paşa
Bir Adıyla İlişkilendirilen Tarihler 1662-1712
Genel Alt Bölümü Toplantılar
650 ## - KONU KATMA GİRİŞ - TOPİKAL DÖNEM
Topikal Süreli Veya Coğrafi Ad Giriş Elemanı Devlet adamı
700 ## - KATMA GİRİŞ - KİŞİSEL İSİM
Kişisel Ad Çiçek, Kemal
942 ## - EKLENDİ GİRİŞ ELEMANLARI (KOHA)
Sınıflandırma Veya Raf Düzeni Kaynak Dewey Decimal Classification
Koha Öğesi Türü Books
999 ## - SİSTEM KONTROL NUMARALARI (KOHA)
Koha Biblionumber 4892
Koha Biblioitemnumber 4892
Holdings
Kalıcı Konum Mevcut Konum Edinme Tarihi Edinim Kaynak Toplam Check-Out'Lar Tam Çağrı Numarası Barkod Tarih Son Görülme İtibaren Geçerli Fiyatlar Koha Öğesi Türü
CHP Kütüphanesi CHP Kütüphanesi 08/24/2016 Bağış   923.5 Baltacı,M.P. B24 2007 001845 08/24/2016 08/24/2016 Books